=LDR 00000nam 2200000 4500 =001 INLIS000000000045682 =005 20150209082652.0 =006 =007 =008 =035 ##$$0010-021500000000242 =040 ##$$a NBPDMAT =082 ##$$a 551.489 =090 ##$$a 551.489 Pur a =100 ##$$a Purwanto =245 ##$$a Awas bandir / Purwanto =250 ##$$a Cet. 2 =260 ##$$a Jakarta$bGrafiti$c2010 =300 ##$$a vi, 62 hlm. : ilus. ; 20 cm =650 ##$$a Banjir =850 ##$$a NBPDMAT